000 01277cam a22003374a 4500
999 _c106010
_d106010
003 BJBSDDR
005 20230411085707.0
007 ta
008 090605s2007 dr a 000 0dspa
020 _a9789993458456
020 _a9993458457
035 _a(PR-SjLB)dh0906945903
040 _aDLC
_cDLC
_bspa
041 _aspa
043 _anwdr---
050 1 4 _a118 F 1938.58
_bG377j 2007
100 1 _aGerón, Cándido,
_d1950-
245 1 0 _aJuan Bosch :
_bdocumentos inéditos de la Revolución de Abril de 1965 /
_cCándido Gerón.
260 _aSanto Domingo, República Dominicana :
_b[editor no identificado],
_c2007.
300 _a360 páginas :
_bilustraciones ;
_c27 cm.
500 _aIncluye índice
600 1 0 _aBosch, Juan,
_d1909-2001
_vCorrespondence.
600 1 4 _aBosch, Juan,
_d1909-2001
_xCorrespondencia
651 0 _aDominican Republic
_xHistory
_yRevolution, 1965
_vSources.
651 4 _aRepública Dominicana
_xHistoria
_yRevolución, 1965
_vFuentes
_92655
651 0 _aDominican Republic
_xPolitics and government
_y1961-
651 4 _aRepública Dominicana
_xPolítica y gobierno
_y1961-
_94345
906 _a7
_bcbc
_corigres
_d2
_encip
_f20
_gy-gencatlg
942 _2lcc
_cBK